| 000 | 00526nam a2200169 a 4500 | ||
|---|---|---|---|
| 001 | 000036404 | ||
| 005 | 20200930075720.0 | ||
| 008 | 120117s20uu sp 000 0 spa d | ||
| 040 |
_aDO-SdBNP _bspa _cBNPHU |
||
| 082 |
_axxxx _bxxxx |
||
| 100 | 1 |
_aMintzberg, Henry _962615 |
|
| 245 | 1 | 0 |
_aMintzberg y la dirección / _cHenry Mintzberg. |
| 260 |
_aEspaña : _bDíaz de Santos, _c[s.f.]. |
||
| 300 |
_a494 p. ; _c22 cm. |
||
| 500 | _aIncluye índice | ||
| 504 | _aIncluye referencias bibliográficas y notas al pie de las páginas | ||
| 999 |
_c35895 _d35895 |
||